Rites and symbols of initiation : (Record no. 7937)

MARC details
000 -LEADER
fixed length control field 00600nam a22001457a 4500
008 - FIXED-LENGTH DATA ELEMENTS--GENERAL INFORMATION
fixed length control field 190425b ||||| |||| 00| 0 eng d
082 ## - DEWEY DECIMAL CLASSIFICATION NUMBER
Classification number 301 E42r 1958
100 ## - MAIN ENTRY--PERSONAL NAME
Personal name Eliade, Mircea
245 ## - TITLE STATEMENT
Title Rites and symbols of initiation :
Remainder of title the mysteries of birth and rebirth
260 ## - PUBLICATION, DISTRIBUTION, ETC.
Place of publication, distribution, etc. London ;
Name of publisher, distributor, etc. Harper Torch books,
Date of publication, distribution, etc. 1958.
300 ## - PHYSICAL DESCRIPTION
Extent xxiv, 175 p. ;
Dimensions 23 cm.
500 ## - GENERAL NOTE
General note <br/>Originally published: New York : Harper Bros., 1958, in series: The Library of religion and culture.<br/>Includes bibliographical references (p. 137-165) and index
650 ## - SUBJECT ADDED ENTRY--TOPICAL TERM
Topical term or geographic name entry element Initiation rites--Religious aspects.
942 ## - Added entry Elements (Koha)
Source of classification or shelving scheme Dewey Decimal Classification
Holdings
Withdrawn status Lost status Source of classification or shelving scheme Damaged status Not for loan Collection code Home library Current library Shelving location Date acquired Serial Enumeration / chronology Total Checkouts Full call number Barcode Date last seen Price effective from Koha item type
    Dewey Decimal Classification     Main TEST RTC Library RTC Library Main opac 25/04/2019 13756   ELI 30009887 25/04/2019 25/04/2019 Main
Royal Thimphu College || All Right Reserved